00790nas a2200241Ia 4500001001600000003001000016008004100026040002500067041001300092100001700105210002000122222002000142245005200162250001100214260000900225501012300234300001500357362003500372500005600407650003700463700002400500700002400524A10/R171-41916 IT-MiCISF161014c99999999xx |||||||||||| ||und|| aIT-MiCISFcIT-MiCISF aITALIANO aJaniri Luigi aVita e pensiero aVita e pensiero 0aNon solo droga: le molte facce della dipendenza a1a ed. c2005 bCISF - Centro Internazionale Studi Famiglia - Via Giotto, 36 20145 MILANO (non commercial uses only)cCopyright 2016 app. 86-100 an. 6, novembre-dicembre [2005] a Tema: tossicodipendenza, società, disadattamento aemarginazione devianzavarticolo a Andreoli Vittorino a Sequeri Pierangelo